| 000 | 00735nam a2200217Ia 4500 | ||
|---|---|---|---|
| 001 | 3331 | ||
| 003 | GE_BSU | ||
| 008 | 181216s||||||||xx |||||||||||||| ||und|| | ||
| 040 | _cGE_BSU | ||
| 080 | _a624.01/.07(075.8) | ||
| 100 | _aКиселев,В.А. | ||
| 245 | _aСтроительная механика. Специальный курс(динамика и устойчивость сооружений). | ||
| 245 | _cРед. науч. И.А. Медников. | ||
| 250 | _aИзд. 2-е. исправл. и дополненное. | ||
| 260 | _aМ. | ||
| 260 | _bСтройиздат. | ||
| 260 | _c1969. | ||
| 300 | _a429 стр.с илл; 26 см. | ||
| 653 | _aСтроительная механика. | ||
| 942 | _cBK | ||
| 999 |
_c37372 _d37372 |
||